|
|
|
|
| LEADER |
01112nam a2200265 a 4500 |
| 001 |
17064742 |
| 008 |
120522s2011 enkab 000 1 eng d |
| 010 |
|
|
|a 2011500026
|
| 020 |
|
|
|a 9780194248297 (pbk.)
|
| 020 |
|
|
|a 9780194247870 (book and multiROM pack)
|
| 040 |
|
|
|a DLC
|c DLC
|d BD-DhAAL.
|
| 100 |
1 |
|
|a Hannam, Joyce.
|
| 245 |
1 |
4 |
|a The Vesuvius mosaic /
|c by Joyce Hannam ; illustrated by Levi Pinfold.
|
| 260 |
|
|
|a Oxford ;
|a New York :
|b Oxford University Press,
|c c2011.
|
| 300 |
|
|
|a 83 p. :
|b col. ill., maps ;
|c 21 cm.
|
| 490 |
1 |
|
|a Dominoes. Level 3.
|
| 541 |
|
|
|e 00025161
|
| 650 |
|
0 |
|a Readers (Adult)
|
| 650 |
|
0 |
|a English language
|v Textbooks for foreign speakers.
|
| 650 |
|
0 |
|a Reading comprehension
|v Problems, exercises, etc.
|
| 650 |
|
0 |
|a Mosaics
|v Fiction.
|
| 700 |
1 |
|
|a Pinfold, Levi,
|e ill.
|
| 852 |
1 |
|
|a Ayesha Abed Library
|c General shelf.
|
| 999 |
|
|
|c 12254
|d 12254
|
| 952 |
|
|
|0 0
|1 0
|2 ddc
|4 0
|6 428_600000000000000_HAN
|7 0
|9 20283
|a BRACUL
|b BRACUL
|c GEN
|d 2012-05-23
|e Karim International
|g 651.00
|l 4
|m 18
|o 428.6 HAN
|p 3010025161
|r 2025-10-08
|s 2025-05-05
|t 1
|w 2012-05-23
|y BK
|x Transferred from BIL to BRACUL on 06/06/22
|